History Quiz

Random History or War Quiz

Vietnam War Era Match-Up Quiz Stats

Quiz Updated Dec 1, 2017

Challenge
Share
Tweet
Score 0/24 Timer 06:00
8 Plays Today
% Correct
Lyndon B.
97.9%
Viet
97.2%
Fall of
93.3%
Hearts and
93.2%
Operation Rolling
93.1%
Tet
92.7%
Vietnam Veterans
92.3%
Robert
91.9%
Paris
91.8%
17th
91.4%
Gulf of
86.1%
National Liberation
85.6%
% Correct
William
85.3%
Ho Chi Minh
83.7%
Mekong
83.6%
POW
82.4%
Second
81.5%
Domino
81.5%
Mỹ Lai
80.4%
Nixon
79.3%
Da
76.6%
Ngô Đình
69%
66.3%
Strategic Hamlet
64.6%

You're not logged in!

Compare scores with friends on all Sporcle quizzes.
Join for Free
OR
Log In

You Might Also Like...

Show Comments

Extras

Top Quizzes Today


Score Distribution

Your Account Isn't Verified!

In order to create a playlist on Sporcle, you need to verify the email address you used during registration. Go to your Sporcle Settings to finish the process.

Report this User

Report this user for behavior that violates our Community Guidelines.

Details: